Inventario artístico de Palencia y su provincia / (Record no. 99295)

MARC details
000 -LEADER
campo de control de longitud fija 01028nam a2200205 i 4500
001 - NÚMERO DE CONTROL
campo de control 99295
003 - IDENTIFICADOR DE NÚMERO DE CONTROL
campo de control ES-MaACL
005 - FECHA Y HORA DE LA ÚLTIMA TRANSACCIÓN
campo de control 20250626063151.0
007 - CAMPO FIJO DE DESCRIPCIÓN FÍSICA--INFORMACIÓN GENERAL
campo de control de longitud fija t|
008 - DATOS DE LONGITUD FIJA--INFORMACIÓN GENERAL
campo de control de longitud fija 050906m19771980sp ||||1| spa d
100 1# - ENTRADA PRINCIPAL--NOMBRE DE PERSONA
Nombre de persona Martín González, Juan José,
Fechas asociadas al nombre 1923-2009
9 (RLIN) 77514
245 10 - MENCIÓN DEL TÍTULO
Título Inventario artístico de Palencia y su provincia /
Mención de responsabilidad, etc. dirección Juan José Martín González.
260 ## - PUBLICACIÓN, DISTRIBUCIÓN, ETC.
Lugar de publicación, distribución, etc. Madrid :
Nombre del editor, distribuidor, etc. Dirección General del Patrimonio Artístico y Cultural,
Fecha de publicación, distribución, etc. 1977-1980.
300 ## - DESCRIPCIÓN FÍSICA
Extensión 2 v. :
Otras características físicas il. ;
Dimensiones 18 cm.
505 8# - NOTA DE CONTENIDO CON FORMATO
Nota de contenido con formato Contiene: t. I.- Ciudad de Palencia, antiguos partidos judiciales de Palencia, Astudillo, Baltanás y Fredilla.- 326 p. lám. 1-204.- t. II.- Antiguos partidos judiciales de Carrión de los Condes, Saldaña y Aguilar de Campoo.- 289 p. 2 h. lám. 1- 248-
650 #4 - PUNTO DE ACCESO ADICIONAL DE MATERIA--TÉRMINO DE MATERIA
Término de materia o nombre geográfico como elemento de entrada Patrimonio cultural-
Subdivisión geográfica Palencia (Provincia)-
Subdivisión de forma Inventarios.
9 (RLIN) 166087
710 1# - ENTRADA AGREGADA--NOMBRE DE ENTIDAD CORPORATIVA
Nombre de entidad corporativa o nombre de jurisdicción como elemento de entrada España.
Unidad subordinada Dirección General del Patrimonio Artístico y Cultural.
9 (RLIN) 3790
852 ## - LOCALIZACIÓN
Ubicación ES-MaACL
Número de control de estantería P-407
Sublocalización o colección R.107293
Holdings
Estatus retirado Estado de pérdida Estado de daño No para préstamo Biblioteca de origen Biblioteca actual Ubicación en estantería Fecha de adquisición Fuente de adquisición Total de préstamos Signatura topográfica completa Código de barras Visto por última vez Precio de reemplazo Tipo de ítem Koha
        Biblioteca del Ateneo de Madrid Biblioteca del Ateneo de Madrid Depósito 2 17/01/2008     P-407 1103682 23/02/2023 23/02/2023 Libro impreso